Estatísticas para Singapura

Clique aqui para jogar o quiz

Estatísticas Gerais

  • Esse quiz foi jogado 10 vezes
  • A pontuação média é 6 de 12

Estatísticas das Respostas

HintResposta% Correto
Onde fica?Ásia
100%
Qual é a sua capital?Singapura
100%
Qual é a sua moeda?Dólar de Singapura
90%
Qual é o seu idioma?Inglês
80%
De que país é independente?Reino Unido
80%
Qual é a sua religião?Budismo
60%
Qual é o desporto mais popular?Futebol
50%
Por quantas ilhas o país é constituído?63
30%
Qual é o seu código ISO?SGP
30%
Que figura mítica com a cabeça de leão e corpo de peixe é o símbolo do país?Merlion
10%
Qual é o nome da vinda onde fica a fonte que é considerada uma das mais do mundo?Suntec City
0%
Qual é a sua flor nacional?Vanda Miss Joaquim
0%

Distribuição das Pontuações

Percentil de Números Respondidos

Porcentagem de Pessoas com Cada Pontuação

Sua Pontuação Histórica

Você não jogou esse quiz